| 000 | 00600nam a22002057a 4500 | ||
|---|---|---|---|
| 003 | OSt | ||
| 005 | 20240520153407.0 | ||
| 008 | 240520b |||||||| |||| 00| 0 eng d | ||
| 020 | _a9789966481184 | ||
| 040 |
_aAIU Library - Kenya _cAIU Library - Kenya _dAIU Library - Kenya |
||
| 050 |
_aBS 325.P65 _b2008 |
||
| 245 | _aPipilia | ||
| 260 |
_aNairobi, Kenya : _bBible Society of Kenya, _cc2008. |
||
| 300 | _a991, 342 p.; | ||
| 500 | _a[Africana]. | ||
| 630 |
_aBible. Pokot. _956201 |
||
| 650 |
_aPokot language _xTexts. _956202 |
||
| 710 |
_aBible Society of Kenya _955779 |
||
| 942 |
_2lcc _cAFR(R) |
||
| 999 |
_c67921 _d67895 |
||